01067nam a22002295i 450000100060000000300090000600500170001500700030003200800390003510000560007424501380013026000590026830000300032749000420035753000350039959700260043483000500046085200490051085601230055999900170068295201380069953754ES-MaACL20231224062921.0t|960806s1859 sp a ||||1| spa1 aFernández y González, Manuel,d1821-188895018313aEl condestable D. Álvaro de Luna b: novela histórica / coriginal de Manuel Fernández y González ; adornada con 34 grabados. aMadrid : bImp. y Librería de Gaspar y Roig, c1859. a193 p. : bil. ; c28 cm.1 aBiblioteca ilustrada de Gaspar y Roig aDisponible en formato digital. aTexto a dos columnas.1 aBiblioteca ilustrada de Gaspar y Roig9177255 aES-MaACLjG-5938 z- Legado M. de la Fuente uhttp://www.bibliotecavirtualdeandalucia.es/catalogo/es/consulta/registro.do?id=8622zBiblioteca Virtual de Andalucía c53754d53754 001040708Colección_digitalaATENEOMbATENEOMcDEPO2d2008-01-17eSCl0oG-5938p1056488r2023-02-23 00:00:00w2023-02-23yMONANT